00182nam a2200073Ia 4500008004100000100002100041245001800062260002800080190216s9999||||xx |||||||||||||| ||und|| aBhaskaran Pillai 0aRasathanthram bKerala Bhasha Institute